00671nam a22001817a 4500003000900000008004100009040007100050082001700121100002200138245002000160260003500180300002800215505017900243650001800422650001400440650001200454700002300466AR-CdUCM190325b ||||| |||| 00| 0 spa d aMUNICIPALIDAD PROVINCIAL DEL CUSCOcBIBLIOTECA MUNICIPAL DEL CUSCO a636.2 /bN82 aNordby, Julius E. aGanado Vacuno / aArgentina :bALBATROS ,c1971. a154 páginas :c20 cm. aContenido : Terminos Utiles para describir el ganado vacuno -- Seleccion del ganado vacuno -- Preparacion del ganado vacuno -- Entrenamiento y exposicion del ganado vacuno... aGanado Vacuno aGanaderia aVacunos aHerbert, Lattig E.